00788 2200193 4500001002100000005001500021035002000036245023200056100002100288250002000309300005200329856002200381700009500403260003400498082000800532084001400540020002200554600001800576INLIS00000000114853820260603015123 a0010-06260000711 aPeran Ulama Melayu-Indonesia :bDalam Mengembangkan Islam di Cape Town Sejak Akhir Abad XVII-Awal Abad XXI /cPenulis; Hamdar Arraiyyah, Editor; Sitti Syahar Inayah, Perancang Sampul dan Tata Letak Isi; Tim Kreatif Lintas Nalar0 aHamdar Arraiyyah aCetakan Pertama aviii, 84 halaman :b- ;c14,5 x 20,5 cmeKertas aPerpustakaan Umum0 aEditor; Sitti Syahar Inayah, Perancang Sampul dan Tata Letak Isi; Tim Kreatif Lintas Nalar aBuntul :bLintas Nalar,c2019 a900 a900 HAM p a978-623-7212-06-5 4aSejarah Islam